<?xml version="1.0" encoding="UTF-8"?><?xml-stylesheet type="text/xsl" href="static/style.xsl"?><OAI-PMH xmlns="http://www.openarchives.org/OAI/2.0/" xmlns:xsi="http://www.w3.org/2001/XMLSchema-instance" xsi:schemaLocation="http://www.openarchives.org/OAI/2.0/ http://www.openarchives.org/OAI/2.0/OAI-PMH.xsd"><responseDate>2026-06-07T06:36:54Z</responseDate><request verb="GetRecord" identifier="oai:riuma.uma.es:10630/30038" metadataPrefix="marc">https://riuma.uma.es/rest/oai/request</request><GetRecord><record><header><identifier>oai:riuma.uma.es:10630/30038</identifier><datestamp>2026-02-03T11:28:49Z</datestamp><setSpec>com_10630_2254</setSpec><setSpec>col_10630_37953</setSpec></header><metadata><record xmlns="http://www.loc.gov/MARC21/slim" xmlns:dcterms="http://purl.org/dc/terms/" xmlns:doc="http://www.lyncode.com/xoai" xmlns:xsi="http://www.w3.org/2001/XMLSchema-instance" xsi:schemaLocation="http://www.loc.gov/MARC21/slim http://www.loc.gov/standards/marcxml/schema/MARC21slim.xsd">
   <leader>00925njm 22002777a 4500</leader>
   <datafield ind2=" " ind1=" " tag="042">
      <subfield code="a">dc</subfield>
   </datafield>
   <datafield ind2=" " ind1=" " tag="720">
      <subfield code="a">Muñoz-González, Carmen María</subfield>
      <subfield code="e">author</subfield>
   </datafield>
   <datafield ind2=" " ind1=" " tag="720">
      <subfield code="a">León-Rodríguez, Ángel Luís</subfield>
      <subfield code="e">author</subfield>
   </datafield>
   <datafield ind2=" " ind1=" " tag="720">
      <subfield code="a">Campano Laborda, M</subfield>
      <subfield code="e">author</subfield>
   </datafield>
   <datafield ind2=" " ind1=" " tag="720">
      <subfield code="a">Teeling, Catherine</subfield>
      <subfield code="e">author</subfield>
   </datafield>
   <datafield ind2=" " ind1=" " tag="720">
      <subfield code="a">Baglioni, R</subfield>
      <subfield code="e">author</subfield>
   </datafield>
   <datafield ind2=" " ind1=" " tag="260">
      <subfield code="c">2018-02</subfield>
   </datafield>
   <datafield ind2=" " ind1=" " tag="520">
      <subfield code="a">There is a particular approach to the energy performance and indoor microclimate of historic buildings. However, the implementation of energy efficiency in historic buildings is limited, given that the materials, structure, geometry and artworks to be conserved inhibit the improvement of microclimate parameters or energy performance. The main aim of this work is to study the use of environmental conditioning techniques in a historic building and its impact on the conservation of artworks prior to the&#xd;
refurbishment project. This study describes experimental research carried out on the church of Nuestra Senora de la Merced, a historic building in a Mediterranean climate. The building was monitored  and measured to validate numerical codes using Design Builder 4.7.027 and Energy Plus 8.3. Software building models made it possible to evaluate the implementation of different environmental techniques – passive, active and combined – in the church with a view to conserving artworks. This study concluded&#xd;
that the use of passive environmental techniques does not completely eliminate the mechanical risk or bio-deterioration that are inherent to movable heritage. Proposals for the use of active systems in com bination with passive techniques improve the initial conservation of artworks and decrease the risk of biological degradation. Although energy consumption is high due to the large size and thermal inertia of the building, consumption is considerably reduced when active and passive systems are combined.</subfield>
   </datafield>
   <datafield ind1="8" ind2=" " tag="024">
      <subfield code="a">Muñoz-González, C.M., León-Rodríguez, A.L., Campano-Laborda, M, Teeling, C., &amp; Baglioni, R. (2018). The assessment of environmental conditioning techniques and their energy performance in historic churches located in Mediterranean climate. Journal of Cultural Heritage, 34. 74-82. https://doi.org/10.1016/j.culher.2018.02.012.</subfield>
   </datafield>
   <datafield ind1="8" ind2=" " tag="024">
      <subfield code="a">https://hdl.handle.net/10630/30038</subfield>
   </datafield>
   <datafield ind1="8" ind2=" " tag="024">
      <subfield code="a">0.1016/j.culher.2018.02.012</subfield>
   </datafield>
   <datafield tag="653" ind2=" " ind1=" ">
      <subfield code="a">Arquitectura religiosa - Mediterráneo (Región) - Clima</subfield>
   </datafield>
   <datafield tag="653" ind2=" " ind1=" ">
      <subfield code="a">Edificios - Conservación de la energía</subfield>
   </datafield>
   <datafield ind2="0" ind1="0" tag="245">
      <subfield code="a">The assessment off environmenal conditioning techniques and theri energy performance in historic churches loceted in Mediterranean climate</subfield>
   </datafield>
</record>
</metadata></record></GetRecord></OAI-PMH>